Eliminate Countries #2 - Statistics

General Stats
  • This quiz has been taken 10,363 times
  • The average score is 20 of 23
Answer Stats
Pct? Eliminate... Country/Countries % Correct
94 Country with Oslo as its capital Norway
100%
89 Where the city Turin is located Italy
96%
86 Countries considered to be part of the Baltic States Estonia | Latvia | Lithuania
94%
86 Countries that border Andorra Spain | France
94%
85 Where the city Birmingham is located United Kingdom
94%
85 Westernmost country in continental Europe Portugal
93%
84 Country with Brussels as its capital Belgium
91%
85 Country where North Rhine-Westphalia and Saxony are subdivisions Germany
91%
84 Countries that border the Black Sea Ukraine | Romania | Bulgaria | Russia
91%
82 Country with the capital Reykjavik Iceland
90%
83 Independent island nation in the Mediterranean south of Italy Malta
90%
84 Country that is only bordered by Belgium and Germany The Netherlands
90%
80 Country with the shortest coastline in the world Monaco
85%
79 Country that borders Turkey and Bulgaria Greece
84%
79 Country bordered by Italy and Croatia Slovenia
83%
75 Country about 60 miles north of the Estonian capital, Tallinn Finland
81%
77 Country that borders Kaliningrad to the south Poland
81%
76 Country linked to Denmark by a road over the Baltic Sea Sweden
81%
74 Countries that are majority Muslim Albania | Bosnia and Herzegovina
78%
74 Country with territory in the Faroe Islands Denmark
76%
72 Country with the capital Podgorica Montenegro
74%
71 Country where the city Split is located Croatia
71%
What is the final country? Ireland
59%
No matching quizzes found
Score Distribution
Percent of People with Each Score
Percentile by Number Answered
Your Score History
You have not taken this quiz